[Event "Maastricht Limburg op-B 9th"]
[Site "Maastricht"]
[Date "2015.05.23"]
[Round "2"]
[White "Hammers, Michael"]
[Black "Iov, Dmitrii"]
[Result "1/2-1/2"]
[WhiteElo "1673"]
[BlackElo "1916"]
[PlyCount "47"]
[EventDate "2015.05.22"]
[EventType "swiss"]
[EventRounds "7"]
[EventCountry "NED"]
[SourceTitle "EXT 2016"]
[Source "ChessBase"]
[SourceDate "2015.10.08"]
[SourceVersion "1"]
[SourceVersionDate "2015.10.08"]
[SourceQuality "1"]

1. e4 c6 2. d4 d5 3. exd5 cxd5 4. Bd3 Nc6 5. c3 Nf6 6. h3 g6 7. Bf4 Bg7 8. Nf3 0-0 9. 0-0 Re8 10. Re1 a6 11. Nbd2 b5 12. Ne5 Qb6 13. Ndf3 Bb7 14. Qe2 e6 15. Bg5 Nxe5 16. Nxe5 Ne4 17. Bxe4 dxe4 18. Nd7 Qc6 19. Nf6+ Bxf6 20. Bxf6 Qd5 21. Qe3 Qf5 22. Be5 f6 23. g4 Qg5 24. Qxg5 1/2-1/2

[Event "Maastricht Limburg op-B 9th"]
[Site "Maastricht"]
[Date "2015.05.22"]
[Round "1"]
[White "Van Dael, Siem"]
[Black "Hammers, Michael"]
[Result "0-1"]
[WhiteElo "1813"]
[BlackElo "1673"]
[PlyCount "60"]
[EventDate "2015.05.22"]
[EventType "swiss"]
[EventRounds "7"]
[EventCountry "NED"]
[SourceTitle "EXT 2016"]
[Source "ChessBase"]
[SourceDate "2015.10.08"]
[SourceVersion "1"]
[SourceVersionDate "2015.10.08"]
[SourceQuality "1"]

1. e4 e6 2. d4 d5 3. Nc3 Nf6 4. Bg5 Be7 5. e5 Nfd7 6. Bxe7 Qxe7 7. Qg4 0-0 8. f4 f5 9. Qf3 a6 10. 0-0-0 c5 11. Nge2 c4 12. g4 fxg4 13. Qxg4 b5 14. Bg2 Nb6 15. Ng3 b4 16. Nce2 c3 17. b3 a5 18. Kb1 a4 19. Nc1 axb3 20. cxb3 Qc7 21. Kc2 Qf7 22. Qe2 Ba6 23. Qe3 Qxf4 24. Qxf4 Rxf4 25. Bf1 Rf2+ 26. Nge2 Nc6 27. a4 bxa3 28. Kxc3 Rc8 29. Kd2 Nb4 30. Ke3 Rcf8 0-1

[Event "BEL-ch U16"]
[Site "Blankenberge"]
[Date "2015.04.18"]
[Round "9"]
[White "Hammers, Michael"]
[Black "Ingelaere, Arthur"]
[Result "1/2-1/2"]
[WhiteElo "1707"]
[BlackElo "1706"]
[PlyCount "51"]
[EventDate "2015.04.12"]
[EventType "swiss"]
[EventRounds "9"]
[EventCountry "BEL"]
[SourceTitle "CBM 166 Extra"]
[Source "ChessBase"]
[SourceDate "2015.06.18"]
[SourceVersion "1"]
[SourceVersionDate "2015.06.18"]
[SourceQuality "1"]

1. e4 c5 2. Nf3 Nc6 3. Bb5 a6 4. Bxc6 dxc6 5. h3 g6 6. d3 Bg7 7. Nc3 e6 8. Be3 Bd4 9. Bxd4 cxd4 10. Ne2 c5 11. Qc1 f5 12. e5 b5 13. Qd2 a5 14. h4 h6 15. Nf4 Kf7 16. Qe2 Bb7 17. a4 b4 18. Nd2 Ne7 19. Nc4 Nc8 20. f3 Ba6 21. b3 Bxc4 22. dxc4 h5 23. Nd3 Qc7 24. 0-0-0 Nb6 25. g4 Rag8 26. g5 1/2-1/2

[Event "BEL-ch U14"]
[Site "Blankenberge"]
[Date "2014.04.16"]
[Round "6"]
[White "Hammers, Michael"]
[Black "Kolp, Theo"]
[Result "0-1"]
[WhiteElo "1625"]
[BlackElo "1612"]
[PlyCount "97"]
[EventDate "2014.04.??"]
[EventType "swiss"]
[EventRounds "9"]
[EventCountry "BEL"]
[SourceTitle "EXT 2015"]
[Source "ChessBase"]
[SourceDate "2014.11.20"]
[SourceVersion "1"]
[SourceVersionDate "2014.11.20"]
[SourceQuality "1"]

1. e4 c5 2. Nf3 e6 3. d3 Nc6 4. g3 Nf6 5. Bg2 Be7 6. 0-0 0-0 7. Re1 d5 8. Nbd2 Qc7 9. Nf1 Rd8 10. e5 Nd7 11. Bf4 Nf8 12. Qd2 Ng6 13. h4 c4 14. h5 Nxf4 15. Qxf4 cxd3 16. cxd3 h6 17. a3 Qb6 18. Rab1 Bd7 19. Ne3 Rac8 20. g4 Qc7 21. Nf1 Rf8 22. g5 hxg5 23. Nxg5 Bxg5 24. Qxg5 Qd8 25. Qg4 f5 26. Qf4 Qe7 27. Re3 Kf7 28. Nh2 Ke8 29. Rg3 Kd8 30. Rg5 Nxe5 31. d4 Nc6 32. Rg3 Na5 33. Re3 Nc4 34. Ree1 Qf7 35. Qg5+ Qf6 36. Qxf6+ Rxf6 37. Re2 Rc6 38. a4 Be8 39. Bf3 Rh6 40. b3 Nb6 41. a5 Nd7 42. Reb2 Bxh5 43. Bxh5 Rxh5 44. Nf3 Rc3 45. Kg2 g5 46. b4 g4 47. Ne5 Nxe5 48. dxe5 f4 49. Re2 0-1